La liebre /
Guardado en:
| Autor Principal: | |
|---|---|
| Formato: | Libro |
| Publicado: |
Buenos Aires :
Emecé,
1998
|
| Series: | Escritores argentinos
|
| Materias: | |
| Etiquetas: |
Agregar Etiqueta
Sin Etiquetas, Sea el primero en etiquetar este registro!
|
| LEADER | 00613nam a22002295a 4500 | ||
|---|---|---|---|
| 001 | CEM.cems016964 | ||
| 005 | 20110928092250.0 | ||
| 008 | 130507s1998##################000#0#####d | ||
| 003 | CEMS | ||
| 020 | |a 9500410842 | ||
| 082 | 0 | 4 | |a A863.4 |
| 100 | 1 | |a Aira, César | |
| 245 | 1 | 0 | |a La liebre / |c César Aira |
| 260 | |a Buenos Aires : |b Emecé, |c 1998 | ||
| 300 | |a 252 p. | ||
| 490 | 0 | |a Escritores argentinos | |
| 653 | |a Literatura | ||
| 653 | |a Literatura argentina | ||
| 653 | |a Novelas | ||
| 653 | |a Novela argentina | ||
| 653 | |a Narrativa argentina | ||
| 859 | |a CEMS |b BIB. CEMS - Agricultura |h A863.4 |i Ai719 |p A0417.02 |t Ej.1 | ||
